000 00884nam a2200265 i 4500
003 DO-SdBNP
005 20251010101124.0
007 ta
008 251010b1995 dr ||||| |||| 00| 0 spa d
040 _aDO-SdBNP
_bspa
_cBNPHU
_erda
041 _aspa
082 4 _a0
_bM778e
_222
100 _aMontero, Gregorio,
_d1966 -
_4aut.
_961917
_eautor
245 1 0 _aÉtica y responsabilidad penal en el servicio público /
_cGregorio Montero Montero, Carlos Manzano Contreras
250 _aPrimera edición
264 _aSanto Domingo, República Dominicana :
_bPublicaciones ONAP,
_c1995
300 _a27 páginas ;
_c21 cm.
336 _atexto
_btxt
_2rdacontent
337 _asin mediación
_bn
_2rdamedia
338 _avolumen
_bnc
_2rdacarrier
590 _aInventariado, 2025 /LP
700 1 _4aut.
_aManzano Contreras, Carlos
_eautor
_988681
910 _aLoPérez
942 _2ddc
_cLFPD
999 _c59934
_d59934